LIBRARY & INFORMATION CENTRE, KCAET, TAVANUR

ONLINE PUBLIC ACCESS CATALOGUE (OPAC)

Pressure vessel design manual / (Record no. 9991)

MARC details
000 -LEADER
fixed length control field 00431cam a2200169ua 4500
020 ## - INTERNATIONAL STANDARD BOOK NUMBER
ISBN 0 88415 647 8
041 ## - LANGUAGE CODE
Language code of text/sound track or separate title eng
082 ## - DEWEY DECIMAL CLASSIFICATION NUMBER
Classification number 028.72681
Item number MOS/PR
100 ## - MAIN ENTRY--AUTHOR NAME
Personal name Moss, Dennis R .
245 ## - TITLE STATEMENT
Title Pressure vessel design manual /
250 ## - EDITION STATEMENT
Edition statement 2 /
260 ## - PUBLICATION, DISTRIBUTION, ETC. (IMPRINT)
Place of publication London :
Name of publisher Gulf Publishing Company ,
Year of publication 1997.
300 ## - PHYSICAL DESCRIPTION
Number of Pages 288 ; .
942 ## - ADDED ENTRY ELEMENTS (KOHA)
Koha item type Books
Holdings
Withdrawn status Lost status Damaged status Home library Current library Date acquired Full call number Accession Number Koha item type
      KAUAET KAUAET 07/04/2012 028.72681 20352 Reference
free website counter